Cost of government in the United States, 1935-1937 (Record no. 500982)

000 -LEADER
fixed length control field 00537cam a22001457a 4500
008 - FIXED-LENGTH DATA ELEMENTS--GENERAL INFORMATION
fixed length control field 180718b1930 xxu||||| |||| 00| 0 eng d
082 ## - DEWEY DECIMAL CLASSIFICATION NUMBER
Classification number L6x73 N213
245 ## - TITLE STATEMENT
Title Cost of government in the United States, 1935-1937
Statement of responsibility, etc. by National Industrial Conference Board
260 ## - PUBLICATION, DISTRIBUTION, ETC.
Place of publication, distribution, etc. New York
Name of publisher, distributor, etc. National Industrial Conference Board
Date of publication, distribution, etc. 1930
300 ## - PHYSICAL DESCRIPTION
Extent v.p.
440 ## - SERIES STATEMENT/ADDED ENTRY--TITLE
Title National Industrial Conference Board studies, no.240
650 ## - SUBJECT ADDED ENTRY--TOPICAL TERM
Topical term or geographic name entry element Taxation --United States
650 ## - SUBJECT ADDED ENTRY--TOPICAL TERM
Topical term or geographic name entry element Finance --United States
700 ## - ADDED ENTRY--PERSONAL NAME
Personal name National Industrial Conference Board
Holdings
Withdrawn status Lost status Damaged status Not for loan Permanent Location Current Location Date acquired Full call number Barcode Date last seen Price effective from Koha item type
        Indian Institute of Public Administration Indian Institute of Public Administration 2018-08-04 L6x73 N213 GR1245 2018-08-04 2018-08-04 GR

Powered by Koha